(Record no. 187761)

MARC details
000 -LEADER
fixed length control field 00384nam a2200133Ia 4500
041 ## - LANGUAGE CODE
Language code of text/sound track or separate title Arabic
082 ## - DEWEY DECIMAL CLASSIFICATION NUMBER
Classification number 341,21 cut-972 ه
100 ## - MAIN ENTRY--PERSONAL NAME
Personal name 20260118u\\\\\\\\\\\y0engy0103\\\\ba
245 #0 - TITLE STATEMENT
Title پارتى سۆشیال دیموکراتى سوید وچەند راستییەک دەربارەى سوید
250 ## - EDITION STATEMENT
Edition statement ط1
260 ## - PUBLICATION, DISTRIBUTION, ETC. (IMPRINT)
Place of publication, distribution, etc سلێمانى
Date of publication, distribution, etc 2008
300 ## - PHYSICAL DESCRIPTION
Extent 48
942 ## - ADDED ENTRY ELEMENTS (KOHA)
Koha item type Books
Holdings
Withdrawn status Lost status Damaged status Not for loan Collection code Home library Current library Shelving location Date acquired Total Checkouts Full call number Barcode Date last seen Copy number Price effective from Koha item type
          Koya University Central Library Koya University Central Library Books 18/01/2026   341,21 cut-972 ه 0000091394 18/01/2026 1 18/01/2026 Books